DC United current squad - Statistics

General Stats
  • This quiz has been taken 9 times
    8 since last reset
  • The average score is 7 of 26
Answer Stats
Number Player % Correct
28 Bill Hamid
63%
9 Ola Kamara
50%
11 Taxiarchis Fountas
50%
23 Donovan Pines
38%
6 Russell Canouse
38%
15 Steve Birnbaum
38%
93 Tony Alfaro
38%
14 Andy Najar
25%
5 Brad Smith
25%
4 Brendan Hines-Ike
25%
3 Chris Odoi-Atsem
25%
12 Drew Skundrich
25%
2 Gaoussou Samaké
25%
22 Griffin Yow
25%
21 Jon Kempin
25%
31 Julian Gressel
25%
17 Kimarni Smith
25%
13 Sofiane Djeffal
25%
35 Theodore Ku-DiPietro
25%
16 Adrien Perez
13%
10 Edison Flores
13%
20 Hayden Sargis
13%
33 Jacob Greene
13%
18 Jeremy Garay
13%
7 Michael Estrada
13%
27 Moses Nyeman
13%
No matching quizzes found
Score Distribution
Percent of People with Each Score
Percentile by Number Answered
Your Score History
You have not taken this quiz since the last reset